000 00751cab a2200229 4500
001 X97326
008 090401t1999 xxu||||| |||| 00| 0 eng d
035 _a(Sirsi) u92003
041 _aeng
245 _aR v SoS Environment and anotherex p Alliance Against the Birmingham Northern Relief Road
260 _c1999
350 _a0
490 _aJournal of Planning and Environment Law
_v[1999] JPL, 231-263(33)
650 _aENVIRONMENTAL INFORMATION REGULATIONS 1992
650 _aJUDICIAL REVIEW
650 _aPRIVATE MOTORWAY
650 _aR V SOS ENVIRONMENT AND ANOTHER EX P ALLIANCE AGAINST THE BIRMINGHAM NORTHERN RELIEF ROAD
650 _aTOLLS
690 _aPLANNING LAW AND PRACTICE-CASE LAW
942 _n0
948 _c11/03/1999
999 _c58343
_d58343